header

An American engineer in Afghanistan (Record no. 39622)

MARC details
000 -LEADER
fixed length control field 01278nam a2200325 a 4500
082 04 - DEWEY DECIMAL CLASSIFICATION NUMBER
Classification number 915.8
100 1# - MAIN ENTRY--AUTHOR NAME
Personal name Jewett, A. C.
245 13 - TITLE STATEMENT
Title An American engineer in Afghanistan
260 ## - PUBLICATION, DISTRIBUTION, ETC. (IMPRINT)
Place of publication Minneapolis :
Name of publisher Univ. of Minnesota Press,
Year of publication [1948]
300 ## - PHYSICAL DESCRIPTION
Number of Pages xiii, 335 p. :
Other physical details ill., map (on lining-papers), ports.
700 1# - ADDED ENTRY--PERSONAL NAME
Personal name Bell, Marjorie Jewett.
856 40 - ELECTRONIC LOCATION AND ACCESS
Uniform Resource Identifier http://site.ebrary.com/lib/rucke/Doc?id=10231233

No items available.

© 2026 Rongo University
Contact us: librarian | system librarian | Rongo university